[Event "European Club Cup 2006"]
[Site "Fuegen AUT"]
[Date "2006.10.10"]
[Round "3.155"]
[White "McDonnell, James J"]
[Black "Kafka, Graeme"]
[Result "1/2-1/2"]
[WhiteElo "2033"]
[BlackElo "2136"]
[PlyCount "62"]
[EventDate "2006.10.08"]
[EventType "team"]
[EventRounds "7"]
[EventCountry "AUT"]
[Source "lmi"]
[SourceDate "2006.10.08"]

1. e4 c5 2. Nf3 d6 3. d4 cxd4 4. Nxd4 Nf6 5. Nc3 g6 6. Be3 Bg7 7. f3 Nc6 8. Qd2
O-O 9. g4 Nxd4 10. Bxd4 e5 11. Be3 Be6 12. O-O-O Qa5 13. Kb1 Rfd8 14. Nd5 Qxd2
15. Rxd2 Nxd5 16. exd5 Bd7 17. Bd3 Rf8 18. h3 f5 19. Rf1 b6 20. Rdf2 e4 21.
fxe4 fxg4 22. hxg4 Rxf2 23. Rxf2 Bxg4 24. Rg2 Bf3 25. Rg3 Rf8 26. a4 Be5 27.
Rg1 Kg7 28. Rf1 h5 29. Bg5 Bg4 30. Bh6+ Kxh6 31. Rxf8 h4 1/2-1/2

[Event "European Club Cup 2006"]
[Site "Fuegen AUT"]
[Date "2006.10.11"]
[Round "4.1"]
[White "Gelfand, Boris"]
[Black "Nisipeanu, Liviu Dieter"]
[Result "1/2-1/2"]
[WhiteElo "2733"]
[BlackElo "2690"]
[PlyCount "78"]
[EventDate "2006.10.08"]
[EventType "team"]
[EventRounds "7"]
[EventCountry "AUT"]
[Source "lmi"]
[SourceDate "2006.10.08"]

1. d4 d5 2. c4 c6 3. Nc3 Nf6 4. e3 g6 5. Nf3 Bg7 6. Be2 O-O 7. O-O dxc4 8. Bxc4
Nbd7 9. e4 Nb6 10. Be2 Bg4 11. a4 a5 12. Bg5 Ne8 13. Qb3 Bxf3 14. Bxf3 Bxd4 15.
Rad1 Ng7 16. Ne2 c5 17. e5 Qc7 18. Nxd4 cxd4 19. Qb5 Ne6 20. Rc1 Qd7 21. Qxd7
Nxd7 22. Bxe7 Rfe8 23. Bd6 Nf4 24. e6 Nxe6 25. Bxb7 Ra7 26. Bc6 Rd8 27. Rfd1
Nb8 28. Be5 Nxc6 29. Rxc6 Rb7 30. Bf6 Re8 31. g3 Rxb2 32. Ra6 Rbb8 33. Rxa5 Ra8
34. Rxa8 Rxa8 35. Ra1 Nc5 36. a5 Nb3 37. Ra3 Nxa5 38. Kf1 d3 39. Bc3 Rd8
1/2-1/2

[Event "European Club Cup 2006"]
[Site "Fuegen AUT"]
[Date "2006.10.11"]
[Round "4.12"]
[White "Smirnov, Pavel"]
[Black "Yandemirov, Valeri"]
[Result "1-0"]
[WhiteElo "2623"]
[BlackElo "2528"]
[PlyCount "112"]
[EventDate "2006.10.08"]
[EventType "team"]
[EventRounds "7"]
[EventCountry "AUT"]
[Source "lmi"]
[SourceDate "2006.10.08"]

1. e4 e5 2. Nf3 Nc6 3. Bb5 a6 4. Ba4 d6 5. O-O Bg4 6. h3 h5 7. d4 b5 8. Bb3
Nxd4 9. hxg4 Nxb3 10. axb3 hxg4 11. Ng5 Qd7 12. c4 Rb8 13. Rxa6 f6 14. Nc3 fxg5
15. Nxb5 Nf6 16. Ra7 Rc8 17. Re1 Qf7 18. Be3 Qh5 19. Kf1 Kd7 20. Qa1 Qh1+ 21.
Ke2 Qxg2 22. Nxc7 Rxc7 23. Qa4+ Kd8 24. Qa5 Ne8 25. Kd2 Kd7 26. Qb5+ Ke7 27.
Rxc7+ Nxc7 28. Qb7 Kd7 29. Bb6 Be7 30. Qxc7+ Ke6 31. Ra1 Qxe4 32. Ra7 Re8 33.
Qd7+ Kf7 34. Qxd6 g3 35. fxg3 Qg2+ 36. Kc1 Qxg3 37. Bc5 Qf4+ 38. Kc2 Qf5+ 39.
Kc3 Qf3+ 40. Kb4 Qf6 41. Qd5+ Kg6 42. Qe4+ Kh5 43. Rxe7 Rxe7 44. Bxe7 Qxe7+ 45.
c5 g4 46. Kb5 g3 47. c6 Qd6 48. Qh7+ Kg4 49. Qxg7+ Kf3 50. Qf7+ Ke3 51. c7 Qd3+
52. Qc4 Qd7+ 53. Kb6 Qc8 54. Qa6 Qe6+ 55. Ka7 Qd7 56. Qb6+ Ke4 1-0

[Event "European Club Cup 2006"]
[Site "Fuegen AUT"]
[Date "2006.10.11"]
[Round "4.14"]
[White "Zhang, Pengxiang"]
[Black "Lputian, Smbat G"]
[Result "1/2-1/2"]
[WhiteElo "2636"]
[BlackElo "2634"]
[PlyCount "73"]
[EventDate "2006.10.08"]
[EventType "team"]
[EventRounds "7"]
[EventCountry "AUT"]
[Source "lmi"]
[SourceDate "2006.10.08"]

1. e4 e6 2. d4 d5 3. Nd2 c5 4. exd5 exd5 5. Ngf3 Nc6 6. Bb5 Bd6 7. dxc5 Bxc5 8.
O-O Nge7 9. Nb3 Bd6 10. Re1 Bg4 11. h3 Bh5 12. Be2 O-O 13. Nfd4 Bg6 14. Bd3 Ne5
15. Bxg6 N7xg6 16. Nb5 Re8 17. Nxd6 Qxd6 18. Nd4 Nc6 19. Rxe8+ Rxe8 20. Be3
Nge5 21. b3 Nxd4 22. Qxd4 Nc6 23. Qd3 d4 24. c3 Rd8 25. cxd4 Nxd4 26. Bxd4 Qxd4
27. Qxd4 Rxd4 28. Rc1 g6 29. Rc7 Rd1+ 30. Kh2 Rd2 31. a4 b6 32. Rxa7 Rb2 33.
Rb7 Rxb3 34. a5 b5 35. a6 Ra3 36. a7 Kg7 37. Rxb5 1/2-1/2

[Event "European Club Cup 2006"]
[Site "Fuegen AUT"]
[Date "2006.10.11"]
[Round "4.16"]
[White "Hamdouchi, Hichem"]
[Black "Minasian, Artashes"]
[Result "0-1"]
[WhiteElo "2582"]
[BlackElo "2596"]
[PlyCount "98"]
[EventDate "2006.10.08"]
[EventType "team"]
[EventRounds "7"]
[EventCountry "AUT"]
[Source "lmi"]
[SourceDate "2006.10.08"]

1. e4 c6 2. d4 d5 3. e5 Bf5 4. Nf3 e6 5. a3 Nd7 6. Be2 Bg6 7. Nbd2 Nh6 8. h4
Bh5 9. Ng1 Bxe2 10. Nxe2 Nf5 11. h5 f6 12. exf6 Qxf6 13. Nf3 e5 14. Bg5 Qe6 15.
dxe5 Nxe5 16. Nfd4 Qf7 17. Qd2 Nc4 18. Qd3 Nxd4 19. Nxd4 Be7 20. Bxe7 Qxe7+ 21.
Qe2 Qxe2+ 22. Nxe2 O-O 23. b3 Nd6 24. f3 Rae8 25. Kd2 Nf5 26. Rae1 Ne3 27. Nf4
d4 28. g3 Re5 29. Kd3 Rfe8 30. Re2 c5 31. a4 Kf7 32. Rhe1 Kf6 33. Kd2 b6 34.
Kc1 Rf5 35. c3 g5 36. hxg6 hxg6 37. cxd4 cxd4 38. Rf2 g5 39. Nd3 Rc8+ 40. Kb2
Rc3 41. Nb4 a5 42. Na2 Rd3 43. Rh2 Rxf3 44. Nc1 Rd1 45. Ree2 Rff1 46. Ref2+
Rxf2+ 47. Rxf2+ Ke5 48. b4 d3 49. Nb3 axb4 0-1

[Event "European Club Cup 2006"]
[Site "Fuegen AUT"]
[Date "2006.10.11"]
[Round "4.17"]
[White "Anastasian, Ashot"]
[Black "Gomez Esteban, Juan Mario"]
[Result "1/2-1/2"]
[WhiteElo "2580"]
[BlackElo "2486"]
[PlyCount "171"]
[EventDate "2006.10.08"]
[EventType "team"]
[EventRounds "7"]
[EventCountry "AUT"]
[Source "lmi"]
[SourceDate "2006.10.08"]

1. c4 e5 2. Nc3 Nf6 3. g3 d5 4. cxd5 Nxd5 5. Bg2 Nb6 6. Nf3 Nc6 7. O-O Be7 8.
d3 O-O 9. Be3 Be6 10. Qd2 Nd5 11. Rfd1 Nxe3 12. Qxe3 Bf6 13. Rac1 Rb8 14. h4 h6
15. b3 Re8 16. Ne4 Be7 17. Rxc6 bxc6 18. Nxe5 Bd5 19. Qc1 Bxh4 20. Nxc6 Bxc6
21. Qxc6 Be7 22. Bf3 Bb4 23. Rc1 Re7 24. Qa4 Qd4 25. Kg2 a5 26. Rc2 Qd7 27.
Qxd7 Rxd7 28. Nc5 Rd6 29. Na4 Rd7 30. Nb2 Kf8 31. Nc4 f6 32. g4 g6 33. Bc6 Rd4
34. Be4 Kg7 35. a3 Rxc4 36. Rxc4 Bd6 37. Rc3 Rb5 38. d4 h5 39. gxh5 Rxh5 40. e3
f5 41. Bd5 g5 42. Kg1 g4 43. a4 Kf6 44. Rc6 Kg5 45. Ra6 Bb4 46. Ra8 Rh6 47. Kg2
Rd6 48. Bc4 Rh6 49. Bd3 Rf6 50. Rh8 Bd6 51. Ra8 Bb4 52. Rg8+ Rg6 53. Rb8 Rd6
54. Bc4 Rh6 55. Rb5 Rd6 56. Re5 Rf6 57. Bd3 Rf7 58. e4 Kf4 59. exf5 Rf6 60.
Re4+ Kg5 61. Re8 Rd6 62. Rg8+ Kf4 63. Be2 Kxf5 64. Kg3 Rxd4 65. Bxg4+ Kf6 66.
Be2 Rd2 67. Re8 Bd6+ 68. Kf3 Bc5 69. Rb8 Bb6 70. Re8 Rb2 71. Bc4 Rxf2+ 72. Ke4
Rd2 73. Re6+ Kg7 74. Kf5 Rd6 75. Re7+ Kf8 76. Rh7 Ke8 77. Be6 Rd2 78. Ke5 Kd8
79. Bf5 c6 80. Be4 Bc7+ 81. Kf5 Rd6 82. Rh8+ Kd7 83. Kg5 Bd8+ 84. Kf4 Kc7 85.
Rg8 Kb6 86. Rg6 1/2-1/2

[Event "European Club Cup 2006"]
[Site "Fuegen AUT"]
[Date "2006.10.11"]
[Round "4.19"]
[White "Huzman, Alexander"]
[Black "Svidler, Peter"]
[Result "1/2-1/2"]
[WhiteElo "2585"]
[BlackElo "2750"]
[PlyCount "43"]
[EventDate "2006.10.08"]
[EventType "team"]
[EventRounds "7"]
[EventCountry "AUT"]
[Source "lmi"]
[SourceDate "2006.10.08"]

1. c4 Nf6 2. Nc3 e5 3. Nf3 Nc6 4. g3 Nd4 5. Bg2 Nxf3+ 6. Bxf3 Bb4 7. d3 O-O 8.
O-O c6 9. Qb3 Be7 10. Rd1 d6 11. d4 Qc7 12. Bg2 h6 13. Qc2 Nh7 14. b4 exd4 15.
Rxd4 Ng5 16. Be3 Bf6 17. Rdd1 Re8 18. Qd3 a5 19. b5 Bxc3 20. b6 Qe7 21. Qxc3
Bg4 22. Qd3 1/2-1/2

[Event "European Club Cup 2006"]
[Site "Fuegen AUT"]
[Date "2006.10.11"]
[Round "4.28"]
[White "Khenkin, Igor"]
[Black "Volkov, Sergey"]
[Result "1/2-1/2"]
[WhiteElo "2620"]
[BlackElo "2628"]
[PlyCount "51"]
[EventDate "2006.10.08"]
[EventType "team"]
[EventRounds "7"]
[EventCountry "AUT"]
[Source "lmi"]
[SourceDate "2006.10.08"]

1. d4 d5 2. c4 c6 3. Nf3 Nf6 4. Nc3 a6 5. c5 Nbd7 6. Bf4 Nh5 7. Bd2 Nhf6 8. Bf4
Nh5 9. Bd2 Nhf6 10. Qc2 g6 11. h3 Qc7 12. e4 Nxe4 13. Nxe4 dxe4 14. Qxe4 Nf6
15. Qe5 Qxe5+ 16. dxe5 Ne4 17. Be3 Be6 18. Nd4 Nxc5 19. Rc1 Nd7 20. Nxe6 fxe6
21. Ke2 Nxe5 22. Bd4 Nf7 23. Bxh8 Nxh8 24. g3 Nf7 25. Bg2 Kd7 26. Rhd1+ 1/2-1/2

[Event "European Club Cup 2006"]
[Site "Fuegen AUT"]
[Date "2006.10.11"]
[Round "4.29"]
[White "Korneev, Oleg"]
[Black "Moiseenko, Alexander"]
[Result "0-1"]
[WhiteElo "2657"]
[BlackElo "2632"]
[PlyCount "126"]
[EventDate "2006.10.08"]
[EventType "team"]
[EventRounds "7"]
[EventCountry "AUT"]
[Source "lmi"]
[SourceDate "2006.10.08"]

1. e4 c5 2. Nf3 Nc6 3. d4 cxd4 4. Nxd4 Nf6 5. Nc3 e5 6. Ndb5 d6 7. Bg5 a6 8.
Na3 b5 9. Nd5 Be7 10. Bxf6 Bxf6 11. c3 Bg5 12. Nc2 Ne7 13. Ncb4 O-O 14. a4 bxa4
15. Qxa4 Nxd5 16. Nxd5 Bd7 17. Qd1 a5 18. Bc4 Kh8 19. O-O f5 20. exf5 Bxf5 21.
Qe2 Qb8 22. Rfd1 Be6 23. Kh1 Ra7 24. f3 Bd7 25. Bd3 g6 26. Be4 Be6 27. g3 Bd8
28. h4 Raf7 29. Kg2 Bf5 30. Rf1 Bb6 31. Rad1 Bc5 32. Rd2 Qc8 33. Kh2 a4 34. Rd3
Qd8 35. Kg2 Bd7 36. Rdd1 g5 37. h5 Qe8 38. g4 Qc8 39. Kg3 Qb8 40. Qd2 Bb5 41.
Rh1 h6 42. Ne3 d5 43. Qxd5 Bxe3 44. Qe6 Rf6 45. Qe7 Qa7 46. Qxa7 Bxa7 47. Rhe1
Bb8 48. Kg2 Bc6 49. Bxc6 Rxc6 50. Rd3 Rb6 51. Rd2 Bd6 52. Ree2 Kg7 53. Rd5 Kf6
54. Ra5 Rfb8 55. Rxa4 Rxb2 56. Ra2 Rxe2+ 57. Rxe2 Rb3 58. Rc2 Ba3 59. Kf2 Rb2
60. Rxb2 Bxb2 61. c4 Bd4+ 62. Ke2 e4 63. fxe4 Ke5 0-1

[Event "European Club Cup 2006"]
[Site "Fuegen AUT"]
[Date "2006.10.11"]
[Round "4.30"]
[White "Naumann, Alexander"]
[Black "Efimenko, Zahar"]
[Result "1/2-1/2"]
[WhiteElo "2542"]
[BlackElo "2612"]
[PlyCount "41"]
[EventDate "2006.10.08"]
[EventType "team"]
[EventRounds "7"]
[EventCountry "AUT"]
[Source "lmi"]
[SourceDate "2006.10.08"]

1. e4 e5 2. Nf3 Nc6 3. Bb5 a6 4. Ba4 Nf6 5. O-O Be7 6. Re1 b5 7. Bb3 d6 8. c3
O-O 9. d4 Bg4 10. Be3 exd4 11. cxd4 Na5 12. Bc2 c5 13. dxc5 dxc5 14. Nc3 Nc6
15. e5 Qxd1 16. Raxd1 Bxf3 17. exf6 Bxd1 18. fxe7 Bxc2 19. exf8=Q+ Rxf8 20.
Bxc5 Rc8 21. Nd5 1/2-1/2

[Event "European Club Cup 2006"]
[Site "Fuegen AUT"]
[Date "2006.10.11"]
[Round "4.31"]
[White "Areshchenko, Alexander"]
[Black "Ernst, Sipke"]
[Result "1-0"]
[WhiteElo "2640"]
[BlackElo "2512"]
[PlyCount "73"]
[EventDate "2006.10.08"]
[EventType "team"]
[EventRounds "7"]
[EventCountry "AUT"]
[Source "lmi"]
[SourceDate "2006.10.08"]

1. e4 c6 2. d4 d5 3. e5 Bf5 4. Nf3 e6 5. Be2 Nd7 6. O-O Ne7 7. Nh4 Bg6 8. Nd2
c5 9. c3 cxd4 10. cxd4 Nc6 11. Nxg6 hxg6 12. Nf3 Qb6 13. g3 Be7 14. h4 O-O-O
15. b4 Kb8 16. Rb1 Qc7 17. Bd2 Rc8 18. Qb3 Qb6 19. Qa4 Nxd4 20. Nxd4 Qxd4 21.
Be3 Nb6 22. Qxa7+ Kxa7 23. Bxd4 Bd8 24. Rfc1 Kb8 25. Rxc8+ Nxc8 26. Rc1 Bc7 27.
Rc3 Rf8 28. Bb5 b6 29. a4 Ne7 30. a5 bxa5 31. Bc5 Bxe5 32. Rf3 f6 33. bxa5 Rf7
34. Be8 Rf8 35. Ba4 Rf7 36. a6 Ka8 37. Rb3 1-0

[Event "European Club Cup 2006"]
[Site "Fuegen AUT"]
[Date "2006.10.11"]
[Round "4.32"]
[White "Hoffmann, Michael"]
[Black "Hracek, Zbynek"]
[Result "1/2-1/2"]
[WhiteElo "2477"]
[BlackElo "2614"]
[PlyCount "31"]
[EventDate "2006.10.08"]
[EventType "team"]
[EventRounds "7"]
[EventCountry "AUT"]
[Source "lmi"]
[SourceDate "2006.10.08"]

1. e4 c5 2. Nf3 e6 3. Nc3 d6 4. d4 cxd4 5. Nxd4 a6 6. Be3 Nf6 7. g4 h6 8. f4 e5
9. Nf5 h5 10. gxh5 exf4 11. Bxf4 Nxh5 12. Nxd6+ Bxd6 13. Bxd6 Qh4+ 14. Kd2 Qg5+
15. Ke1 Qh4+ 16. Kd2 1/2-1/2

[Event "European Club Cup 2006"]
[Site "Fuegen AUT"]
[Date "2006.10.11"]
[Round "4.33"]
[White "Babula, Vlastimil"]
[Black "Wegerle, Joerg"]
[Result "1-0"]
[WhiteElo "2584"]
[BlackElo "2411"]
[PlyCount "87"]
[EventDate "2006.10.08"]
[EventType "team"]
[EventRounds "7"]
[EventCountry "AUT"]
[Source "lmi"]
[SourceDate "2006.10.08"]

1. d4 e6 2. c4 Nf6 3. Nc3 Bb4 4. e3 O-O 5. Bd3 d5 6. Nf3 b6 7. O-O dxc4 8. Bxc4
Bb7 9. Re1 c5 10. a3 Bxc3 11. bxc3 Qc7 12. Bd3 Be4 13. Bxe4 Nxe4 14. Qd3 Qb7
15. c4 Nd7 16. Bb2 Ndf6 17. Rad1 Rac8 18. Ne5 b5 19. Qb3 Rb8 20. f3 Nd6 21.
dxc5 Nxc4 22. Nxc4 bxc4 23. Qxb7 Rxb7 24. Bxf6 gxf6 25. Rc1 Rb3 26. Rxc4 Rxa3
27. Rg4+ Kh8 28. Rc1 Rc8 29. c6 Rd3 30. Kf2 a5 31. Rd4 Rxd4 32. exd4 Kg7 33. d5
exd5 34. Ke3 Kf8 35. Kd4 Ke7 36. Kc5 a4 37. Re1+ Kd8 38. Kd6 a3 39. Re3 a2 40.
Ra3 d4 41. g4 d3 42. Rxa2 d2 43. Rxd2 Ra8 44. Rb2 1-0

[Event "European Club Cup 2006"]
[Site "Fuegen AUT"]
[Date "2006.10.11"]
[Round "4.34"]
[White "Schaefer, Markus"]
[Black "Nyback, Tomi"]
[Result "0-1"]
[WhiteElo "2379"]
[BlackElo "2575"]
[PlyCount "86"]
[EventDate "2006.10.08"]
[EventType "team"]
[EventRounds "7"]
[EventCountry "AUT"]
[Source "lmi"]
[SourceDate "2006.10.08"]

1. e4 e5 2. Nf3 Nc6 3. d4 exd4 4. Nxd4 Nf6 5. Nxc6 bxc6 6. e5 Qe7 7. Qe2 Nd5 8.
Nd2 Nb4 9. Nf3 Ba6 10. Qd2 Bxf1 11. Kxf1 Qc5 12. c3 Qc4+ 13. Kg1 Nd5 14. h4 h5
15. Rh3 g6 16. Nd4 Bg7 17. b3 Qc5 18. c4 Bh6 19. Qb2 Nf4 20. Bxf4 Bxf4 21. e6
O-O 22. exd7 Rad8 23. b4 Qxc4 24. Rd1 Rxd7 25. Rhd3 Be5 26. Qb3 Qxb3 27. Nxb3
Rxd3 28. Rxd3 Bd6 29. a3 Re8 30. Kf1 Re4 31. Rd4 Rxd4 32. Nxd4 c5 33. Nc6 cxb4
34. axb4 Kf8 35. Ke2 Ke8 36. Kd3 Kd7 37. Nb8+ Ke6 38. Nc6 Kd5 39. Nxa7 Bxb4 40.
Nb5 c6 41. Nc7+ Kd6 42. Na6 Ba3 43. Kd4 Kd7 0-1

[Event "European Club Cup 2006"]
[Site "Fuegen AUT"]
[Date "2006.10.11"]
[Round "4.37"]
[White "Boros, Denes"]
[Black "Delchev, Aleksander"]
[Result "1/2-1/2"]
[WhiteElo "2465"]
[BlackElo "2628"]
[PlyCount "50"]
[EventDate "2006.10.08"]
[EventType "team"]
[EventRounds "7"]
[EventCountry "AUT"]
[Source "lmi"]
[SourceDate "2006.10.08"]

1. e4 e5 2. Nf3 Nc6 3. Bb5 a6 4. Ba4 Nf6 5. O-O Nxe4 6. d4 b5 7. Bb3 d5 8. dxe5
Be6 9. Nbd2 Be7 10. c3 O-O 11. Nd4 Nxd4 12. cxd4 Nxd2 13. Bxd2 c5 14. f4 c4 15.
f5 cxb3 16. fxe6 fxe6 17. Rxf8+ Qxf8 18. Qg4 Qf7 19. Rf1 Qg6 20. Qxg6 hxg6 21.
axb3 a5 22. Rc1 a4 23. Ra1 Kf7 24. Rf1+ Ke8 25. Ra1 Kd7 1/2-1/2

[Event "European Club Cup 2006"]
[Site "Fuegen AUT"]
[Date "2006.10.11"]
[Round "4.38"]
[White "Kozul, Zdenko"]
[Black "Horvath, Gyula"]
[Result "1-0"]
[WhiteElo "2589"]
[BlackElo "2431"]
[PlyCount "142"]
[EventDate "2006.10.08"]
[EventType "team"]
[EventRounds "7"]
[EventCountry "AUT"]
[Source "lmi"]
[SourceDate "2006.10.08"]

1. d4 d5 2. c4 dxc4 3. Nf3 Nf6 4. e3 e6 5. Bxc4 c5 6. O-O a6 7. Bd3 Nc6 8. a3
cxd4 9. exd4 Be7 10. Nc3 O-O 11. Bc2 b5 12. Qd3 Bb7 13. Re1 b4 14. Ne4 g6 15.
Bh6 Re8 16. Ba4 Qd5 17. Neg5 Bf8 18. Bxf8 Rxf8 19. Rac1 Rad8 20. Bxc6 Bxc6 21.
axb4 Qb5 22. Qd2 Bxf3 23. Nxf3 Rb8 24. Ne5 Kg7 25. Nc6 Rb7 26. Rc5 Qb6 27. Qe2
Nd7 28. Rc3 Qb5 29. Qf3 Rb6 30. h4 h5 31. Ra1 Qd5 32. Qxd5 exd5 33. Ra5 Nf6 34.
f3 Re8 35. Ne5 Re7 36. Ra4 Ne8 37. Rc5 Nc7 38. Kf2 Rd6 39. Raa5 Nb5 40. Nc6
Ree6 41. Rxa6 Nxd4 42. Nxd4 Rxa6 43. Nxe6+ fxe6 44. Rc3 Rb6 45. Rb3 e5 46. b5
Kf6 47. Ke3 Ke6 48. f4 e4 49. Kd4 Kd6 50. g3 Rb7 51. b6 Kc6 52. Rc3+ Kd6 53.
Rc5 Rxb6 54. Rxd5+ Ke6 55. Re5+ Kf6 56. Kc3 Rc6+ 57. Kb3 Rb6+ 58. Ka2 Ra6+ 59.
Kb1 Rb6 60. Rxe4 Rb3 61. Kc2 Rxg3 62. b4 Kf5 63. Rc4 Re3 64. b5 Kg4 65. b6 Re8
66. Rc6 Kxf4 67. Rxg6 Rb8 68. Kc3 Kf5 69. Rc6 Kg4 70. Rc4+ Kg3 71. Rb4 Rb7 1-0

[Event "European Club Cup 2006"]
[Site "Fuegen AUT"]
[Date "2006.10.11"]
[Round "4.39"]
[White "Horvath, Tamas"]
[Black "Nedev, Trajce"]
[Result "0-1"]
[WhiteElo "2426"]
[BlackElo "2518"]
[PlyCount "88"]
[EventDate "2006.10.08"]
[EventType "team"]
[EventRounds "7"]
[EventCountry "AUT"]
[Source "lmi"]
[SourceDate "2006.10.08"]

1. e4 c5 2. Nf3 Nc6 3. d4 cxd4 4. Nxd4 Nf6 5. Nc3 e5 6. Ndb5 d6 7. Bg5 a6 8.
Na3 b5 9. Bxf6 gxf6 10. Nd5 Bg7 11. Bd3 Ne7 12. Nxe7 Qxe7 13. c4 f5 14. O-O O-O
15. Qh5 Rb8 16. exf5 e4 17. Rae1 Bb7 18. cxb5 d5 19. bxa6 Bc6 20. Bb1 Bxb2 21.
Re3 f6 22. Nc2 d4 23. Rg3+ Kh8 24. a3 Bb5 25. Re1 Bc3 26. Rd1 Ba4 27. Rf1 Rb2
28. Nb4 e3 29. fxe3 dxe3 30. Bd3 Bxb4 31. axb4 e2 32. Bxe2 Rxe2 33. h3 Bb5 34.
Rf4 Qa7+ 35. Kh2 Re1 36. Rg6 Qg1+ 37. Kg3 Qe3+ 38. Rf3 Qe5+ 39. Kh4 Re4+ 40. g4
Be8 41. Qh6 Qe7 42. b5 Bxg6 43. fxg6 Re6 44. Rc3 f5+ 0-1

[Event "European Club Cup 2006"]
[Site "Fuegen AUT"]
[Date "2006.10.11"]
[Round "4.40"]
[White "Colovic, Aleksandar"]
[Black "Csiszar, Csaba"]
[Result "1/2-1/2"]
[WhiteElo "2459"]
[BlackElo "2440"]
[PlyCount "96"]
[EventDate "2006.10.08"]
[EventType "team"]
[EventRounds "7"]
[EventCountry "AUT"]
[Source "lmi"]
[SourceDate "2006.10.08"]

1. e4 c5 2. Nf3 Nc6 3. d4 cxd4 4. Nxd4 e5 5. Nb5 d6 6. N1c3 a6 7. Na3 b5 8. Nd5
Nge7 9. Be3 Nxd5 10. exd5 Ne7 11. c4 Nf5 12. Bd2 Be7 13. Bd3 Bf6 14. Qb1 Nh4
15. O-O g6 16. cxb5 O-O 17. bxa6 Bg5 18. Be3 f5 19. Nc4 e4 20. Be2 Bxa6 21. Bb6
Qe7 22. Qc2 Rab8 23. Bd4 Bf6 24. Be3 Bxc4 25. Qxc4 Bxb2 26. Bd4 Rfc8 27. Qa4
Ra8 28. Qb4 Rab8 29. Qa4 Bxd4 30. Qxd4 Rc2 31. Bd1 Rbb2 32. Bxc2 Qg5 33. Bxe4
fxe4 34. Qxe4 Re2 35. f4 Qg4 36. Qxe2 Qxe2 37. Rf2 Qe3 38. a4 Qd4 39. Raa2 Nf5
40. a5 Ne3 41. h3 Qa7 42. Kh2 Nxd5 43. a6 Ne3 44. Rae2 Kf7 45. Rf3 Nd5 46. Ra3
Qd4 47. f5 Kf6 48. fxg6 Kxg6 {rest illegible} 1/2-1/2

[Event "European Club Cup 2006"]
[Site "Fuegen AUT"]
[Date "2006.10.11"]
[Round "4.41"]
[White "Meszaros, Tamas"]
[Black "Jacimovic, Dragoljub"]
[Result "1/2-1/2"]
[WhiteElo "2352"]
[BlackElo "2427"]
[PlyCount "83"]
[EventDate "2006.10.08"]
[EventType "team"]
[EventRounds "7"]
[EventCountry "AUT"]
[Source "lmi"]
[SourceDate "2006.10.08"]

1. e4 e6 2. d4 d5 3. Nc3 Bb4 4. e5 c5 5. a3 Bxc3+ 6. bxc3 Qa5 7. Bd2 Qa4 8. Qg4
g6 9. Qd1 b6 10. h4 h5 11. Nf3 Ba6 12. Bxa6 Qxa6 13. Bg5 Nd7 14. Qd3 Qxd3 15.
cxd3 Ne7 16. dxc5 Nxc5 17. Bf6 Rf8 18. Ke2 Nc6 19. Ng5 Nd7 20. Nh7 Nxf6 21.
Nxf6+ Ke7 22. f4 Rac8 23. Kd2 Na5 24. Rab1 Rc5 25. Rhc1 Rfc8 26. Nh7 d4 27. c4
b5 28. Ng5 bxc4 29. Ne4 R5c6 30. Nd6 c3+ 31. Kc2 Rxd6 32. exd6+ Kxd6 33. Rb5
Nc6 34. Rcb1 f6 35. Rb7 g5 36. fxg5 fxg5 37. hxg5 Rg8 38. R1b5 a6 39. R5b6 Rxg5
40. Rxa6 Rxg2+ 41. Kc1 Rg1+ 42. Kc2 1/2-1/2

[Event "European Club Cup 2006"]
[Site "Fuegen AUT"]
[Date "2006.10.11"]
[Round "4.43"]
[White "Laznicka, Viktor"]
[Black "Arkell, Keith C"]
[Result "1/2-1/2"]
[WhiteElo "2596"]
[BlackElo "2479"]
[PlyCount "84"]
[EventDate "2006.10.08"]
[EventType "team"]
[EventRounds "7"]
[EventCountry "AUT"]
[Source "lmi"]
[SourceDate "2006.10.08"]

1. d4 e6 2. e4 d5 3. Nd2 dxe4 4. Nxe4 Nd7 5. Nf3 Ngf6 6. Bd3 Nxe4 7. Bxe4 Nf6
8. Bg5 Be7 9. Bxf6 Bxf6 10. Qd3 c6 11. O-O-O Qa5 12. Kb1 Bd7 13. Ne5 Bxe5 14.
dxe5 O-O-O 15. Qg3 g6 16. Qf4 Be8 17. Qf6 Rg8 18. g4 Qc7 19. f4 Rd7 20. Kc1 Qd8
21. Rxd7 Qxf6 22. exf6 Bxd7 23. g5 e5 24. Rf1 Re8 25. Kd2 exf4 26. Rxf4 Re5 27.
h4 Be6 28. a3 Kc7 29. Bf3 Rf5 30. Ke3 Rxf4 31. Kxf4 Kd6 32. h5 b6 33. h6 c5 34.
c3 Bc4 35. b4 cxb4 36. cxb4 a5 37. Bd1 axb4 38. axb4 Bd5 39. Ba4 Ke6 40. Bb5
Kd6 41. Bd3 Ke6 42. Bb5 Kd6 1/2-1/2

[Event "European Club Cup 2006"]
[Site "Fuegen AUT"]
[Date "2006.10.11"]
[Round "4.44"]
[White "Williams, Simon"]
[Black "Heberla, Bartlomiej"]
[Result "0-1"]
[WhiteElo "2473"]
[BlackElo "2569"]
[PlyCount "80"]
[EventDate "2006.10.08"]
[EventType "team"]
[EventRounds "7"]
[EventCountry "AUT"]
[Source "lmi"]
[SourceDate "2006.10.08"]

1. d4 c5 2. d5 g6 3. e4 Bg7 4. Nc3 d6 5. Be2 Nf6 6. Nf3 O-O 7. O-O e6 8. h3
exd5 9. exd5 Na6 10. Nh2 Nc7 11. a4 b6 12. Bf4 Bb7 13. Bf3 a6 14. Qd2 b5 15.
Ng4 Nxg4 16. hxg4 Qd7 17. Bh6 b4 18. Bxg7 Kxg7 19. Nd1 Rae8 20. Ne3 a5 21. g3
Ba6 22. Rfe1 Qd8 23. Kg2 Re5 24. Rh1 Qg5 25. Rad1 h6 26. Rh4 Rfe8 27. Rdh1 Rxe3
28. fxe3 Rxe3 29. Qf2 Nxd5 30. Rxh6 Nf6 31. R1h4 Bc4 32. Kh2 Be6 33. Kg1 Qe5
34. Kh2 Bxg4 35. Bg2 Bh5 36. R6xh5 Nxh5 37. Bf3 Nxg3 38. Qxg3 Rxf3 39. Qxe5+
dxe5 40. Rc4 b3 0-1

[Event "European Club Cup 2006"]
[Site "Fuegen AUT"]
[Date "2006.10.11"]
[Round "4.45"]
[White "Votava, Jan"]
[Black "Greet, Andrew"]
[Result "1/2-1/2"]
[WhiteElo "2531"]
[BlackElo "2439"]
[PlyCount "105"]
[EventDate "2006.10.08"]
[EventType "team"]
[EventRounds "7"]
[EventCountry "AUT"]
[Source "lmi"]
[SourceDate "2006.10.08"]

1. d4 Nf6 2. c4 e6 3. Nc3 Bb4 4. e3 O-O 5. Bd3 d5 6. Nf3 b6 7. O-O Bb7 8. cxd5
exd5 9. Ne5 Nbd7 10. f4 c5 11. Bd2 Ne4 12. Rc1 Nxd2 13. Qxd2 f6 14. Nf3 Re8 15.
Nh4 g6 16. g4 cxd4 17. exd4 Rc8 18. a3 Bd6 19. Ng2 Bb8 20. Rce1 a6 21. h4 Nf8
22. h5 Qd6 23. hxg6 Nxg6 24. Bf5 Rcd8 25. Re3 Rxe3 26. Qxe3 Bc6 27. Qd3 Ne7 28.
Bxh7+ Kg7 29. Nh4 Bd7 30. Bf5 Rh8 31. Bxd7 Qxd7 32. Nf5+ Nxf5 33. Qxf5 Qxf5 34.
gxf5 Rh5 35. Nxd5 Rxf5 36. Nxb6 Rxf4 37. Rxf4 Bxf4 38. Nc4 Kf7 39. Kg2 Ke6 40.
Kf3 Bh6 41. Ke4 f5+ 42. Kd3 Kd5 43. b4 f4 44. Ne5 Bg7 45. Nf3 Bf6 46. a4 Be7
47. Kc3 Bd8 48. a5 Bc7 49. Kd3 Bd6 50. Kc3 Bb8 51. Kd3 Bd6 52. Kc3 Bb8 53. Kd3
1/2-1/2

[Event "European Club Cup 2006"]
[Site "Fuegen AUT"]
[Date "2006.10.11"]
[Round "4.46"]
[White "Houska, Jovanka"]
[Black "Bernasek, Jan"]
[Result "0-1"]
[WhiteElo "2364"]
[BlackElo "2470"]
[PlyCount "66"]
[EventDate "2006.10.08"]
[EventType "team"]
[EventRounds "7"]
[EventCountry "AUT"]
[Source "lmi"]
[SourceDate "2006.10.08"]

1. e4 c5 2. Nf3 Nc6 3. Bb5 g6 4. Bxc6 dxc6 5. d3 Bg7 6. Nc3 e5 7. Be3 Qe7 8. h3
Nf6 9. Qd2 Nd7 10. O-O Nf8 11. Bh6 Bxh6 12. Qxh6 f6 13. Qe3 Ne6 14. Ne2 g5 15.
c3 Nf4 16. d4 Nxe2+ 17. Qxe2 g4 18. Nh4 gxh3 19. Qh5+ Qf7 20. Qxf7+ Kxf7 21.
dxc5 hxg2 22. Rfd1 Be6 23. f3 Rhg8 24. Kf2 Bh3 25. Rg1 Rad8 26. Rad1 Rxd1 27.
Rxd1 Rg5 28. b4 Kg7 29. f4 exf4 30. Nf3 Rg3 31. Ng1 Bg4 32. Rc1 h5 33. a4 h4
0-1